| 000 -LEADER | |
|---|---|
| fixed length control field | 00335nam a22001337a 4500 |
| 020 ## - INTERNATIONAL STANDARD BOOK NUMBER | |
| ISBN | 192904514x |
| 050 ## - LIBRARY OF CONGRESS CALL NUMBER | |
| Classification number | HJ2381 |
| 100 ## - MAIN ENTRY--AUTHOR NAME | |
| Personal name | Pratt, James W. |
| Personal name | Kulsrud, Williams N. |
| 245 ## - TITLE STATEMENT | |
| Title | Individual taxation |
| 260 ## - PUBLICATION, DISTRIBUTION, ETC. (IMPRINT) | |
| Place of publication | Houston, TX |
| Name of publisher | ARC Publishing Company Inc. |
| Year of publication | 1996 |
| 300 ## - PHYSICAL DESCRIPTION | |
| Number of Pages | xviii, 1117p. includes index |
| 942 ## - ADDED ENTRY ELEMENTS (KOHA) | |
| Koha item type | Books |
| Koha item type | Collection code | Shelving location | Accession Number | Permanent Location | Current Location | Date acquired | Full call number |
|---|---|---|---|---|---|---|---|
| Books | Lending | Lending | 202528 | Chapman Library | Chapman Library | 2017-01-12 | HJ2381ind |

